<?xml version="1.0" encoding="UTF-8"?>
<record
    xmlns:xsi="http://www.w3.org/2001/XMLSchema-instance"
    xsi:schemaLocation="http://www.loc.gov/MARC21/slim http://www.loc.gov/standards/marcxml/schema/MARC21slim.xsd"
    xmlns="http://www.loc.gov/MARC21/slim">

  <leader>10357cam a22005294i 4500</leader>
  <controlfield tag="003">PE-LiUPU</controlfield>
  <controlfield tag="005">20250731184602.0</controlfield>
  <controlfield tag="008">150616s                r     000 0     d</controlfield>
  <datafield tag="035" ind1=" " ind2=" ">
    <subfield code="a">(Sirsi) a5313</subfield>
  </datafield>
  <datafield tag="040" ind1=" " ind2=" ">
    <subfield code="a">PE-LiUPU</subfield>
    <subfield code="b">spa</subfield>
    <subfield code="c">PE-LiUPU</subfield>
    <subfield code="e">rda</subfield>
  </datafield>
  <datafield tag="049" ind1=" " ind2=" ">
    <subfield code="a">PRUA</subfield>
  </datafield>
  <datafield tag="082" ind1="0" ind2="4">
    <subfield code="a">980</subfield>
    <subfield code="b">Q7</subfield>
    <subfield code="2">23</subfield>
  </datafield>
  <datafield tag="111" ind1="2" ind2=" ">
    <subfield code="a">Congreso Internacional de Historia de Am&#xE9;rica.</subfield>
    <subfield code="n">5.</subfield>
    <subfield code="d">31 de julio - 6 de agosto de 1971</subfield>
    <subfield code="c">Lima</subfield>
  </datafield>
  <datafield tag="245" ind1="1" ind2="0">
    <subfield code="a">Quinto congreso internacional de historia de Am&#xE9;rica :</subfield>
    <subfield code="b">Lima, 31 de julio - 6 de agosto de 1971 /</subfield>
    <subfield code="c">Publicaciones de la Comisi&#xF3;n Nacional del Sesquicentenario de la Independencia del Per&#xFA;.</subfield>
  </datafield>
  <datafield tag="264" ind1=" " ind2="1">
    <subfield code="a">Lima :</subfield>
    <subfield code="b">Comisi&#xF3;n Nacional del Sesquicentenario de la Independencia del Per&#xFA;,</subfield>
    <subfield code="c">1972.</subfield>
  </datafield>
  <datafield tag="300" ind1=" " ind2=" ">
    <subfield code="a">5 tomos ;</subfield>
    <subfield code="c">25 cent&#xED;metros.</subfield>
  </datafield>
  <datafield tag="336" ind1=" " ind2=" ">
    <subfield code="a">text</subfield>
    <subfield code="2">rdacontent</subfield>
  </datafield>
  <datafield tag="337" ind1=" " ind2=" ">
    <subfield code="a">unmediated</subfield>
    <subfield code="2">rdamedia</subfield>
  </datafield>
  <datafield tag="338" ind1=" " ind2=" ">
    <subfield code="a">volume</subfield>
    <subfield code="2">rdacarrier</subfield>
  </datafield>
  <datafield tag="500" ind1=" " ind2=" ">
    <subfield code="a">"A&#xF1;o de los censos nacionales": p. [4]</subfield>
  </datafield>
  <datafield tag="505" ind1="0" ind2=" ">
    <subfield code="a">Tomo 1:
Sesi&#xF3;n preparatoria del V congreso internacional de historia de Am&#xE9;rica -- Sesi&#xF3;n solemne de apertura -- Acto acad&#xE9;mico de homenaje al sesquicentenario nacional e inauguraci&#xF3;n de la exposici&#xF3;n de documentos y libros dela independencia, en el Instituto Riva Ag&#xFC;ero de la Pontifica Universidad Cat&#xF3;lica del Per&#xFA; -- Creaci&#xF3;n del protectorado. Ceremonia realizada en el Instituto Sanmartiniano del Per&#xFA; -- Sesquicentenario de la creaci&#xF3;n de la biblioteca nacional -- Ceremonia de clausura del V Congreso internacional de Historia de Am&#xE9;rica -- Documentos en el archivo general de Indias referentes a sublevaciones ind&#xED;genas en el siglo XVIII -- T&#xFA;pac Amaru. Revolucionario -- Benito De la Mata Linares: juez y testigo en la rebeli&#xF3;n de T&#xFA;pac Amaru -- Los ideales de T&#xFA;pac Amaru. </subfield>
  </datafield>
  <datafield tag="505" ind1="0" ind2=" ">
    <subfield code="a">Tomo 2:
Tupac Amaru y la proyecci&#xF3;n de su pensamiento en Cadiz 1812 y Filadelfia 1944 -- El levantamiento tupacamarista de 1783 -- El hero&#xED;smo revolucionario de Micaela Bastidas -- Bernardo Tambohuasco Pumahualli y sus confederados precursores y m&#xE1;rtires de la revoluci&#xF3;n peruana -- Tupac Amaru y la primera insurrecci&#xF3;n Americana -- Significado hist&#xF3;rico de Micaela Bastidas -- Una aclaraci&#xF3;n hist&#xF3;rica: Thupa Amaro Inga y no "T&#xFA;pac Amaru" on"T&#xFA;pac Amaru II" -- Repercusi&#xF3;n del movimiento de T&#xFA;pac Amaru en Ayacucho -- Anselmo Tupac Catari y Fenando Tupac Amaru: dos destinos diferentes -- Arequipa y la rebeli&#xF3;n de 1780 -- T&#xFA;pac Amaru, T&#xFA;pac Catari, Tom&#xE1;s Catari: las rivalidades entre los caudillos rebeldes durante el alzamiento tupacamarista -- Jos&#xE9; Angulo lider de la rebeli&#xF3;n cusque&#xF1;a de 1814 -- Jos&#xE9; Angulo, seg&#xFA;n los documentos de la revoluci&#xF3;n de 1814 -- Papeles del brigadier Matheo Pumacahua -- Un pr&#xF3;cer de la independencia peruana -- Lambayeque en los levantamientos precursores -- Un patriota: don Francisco Alayza -- Juan Jos&#xE9; Castelli, promotor de la independencia del Per&#xFA; -- Cusco ciudad heroica en la gesta emancipadora del Per&#xFA; -- Don Miguel Tadeo Fern&#xE1;ndez de C&#xF3;rdova fundador de la independencia del Per&#xFA; -- Rebeliones peruanas precursoras de la independencia -- El aporte del norte del Per&#xFA; al triunfo de la emancipaci&#xF3;n peruana -- 56 proclamas de curas de parroquias de la emancipaci&#xF3;n 1822 -- La legaci&#xF3;n espa&#xF1;ola en Estados Unidos y su correspondencia con Lima 1815-1819 -- Francisco Solano Fern&#xE1;ndez de Alarc&#xF3;n, pr&#xF3;cer lambayecano -- Del abate Viscardo a Monse&#xF1;or Muzi -- Los peruanos en la audiencia de Lima a fines del siglo XVIII -- La rebeli&#xF3;n de T&#xFA;pac Amaru y el programa de la reforma imperial de Carlos III -- Acerca del significado de T&#xFA;pac Amaru en la historia pol&#xED;tica de la monarqu&#xED;a india -- T&#xFA;pac Amaru y la Nueva Granada -- La constituci&#xF3;n de Bayona y su posible impacto en la hispanoam&#xE9;rica -- Jos&#xE9; Baquijano y Carrillo en C&#xE1;diz -- Independencia de Am&#xE9;rica.</subfield>
  </datafield>
  <datafield tag="505" ind1="0" ind2=" ">
    <subfield code="a">Tomo 3:
La pol&#xED;tica de Gran Breta&#xF1;a en el R&#xED;o de la Plata  y su influencia en la revoluci&#xF3;n de Zela -- Carlos Pereyra y su pensamiento sobre la emancipaci&#xF3;n hispanoamericana -- El derecho de ciudadan&#xED;a activa como reflejo de la ideolog&#xED;a emancipadora -- El pensamiento de los precursores peruanos y sus relaciones con la filosof&#xED;a moderna -- Ideolog&#xED;a de la emancipaci&#xF3;n americana -- La econom&#xED;a del Per&#xFA; independiente en la literatura alemana contempor&#xE1;nea -- Las ideolog&#xED;a de los movimientos precursores centroam&#xE9;ricanos -- Ide&#xF3;logos de la independencia peruana -- La ideolog&#xED;a de la emancipaci&#xF3;n -- Sobre la independencia del ochocientos -- Jos&#xE9; Baqu&#xED;jano y la audiencia de Lima -- La reimpresi&#xF3;n bonaerense del diario secreto de Lima (1811) -- Bravo de lagunas, precursos del nacionalismo -- Una pl&#xE9;mica periodistica en 1832 sobre los peruanos y la independencia del Per&#xFA; -- Los viajeros extranjeros y la independencia del Per&#xFA; -- Aspectos sociales de Arequipa en el siglo XVIII -- Apuntes sobre la actitud del consulado lime&#xF1;o en la etapa emancipadora -- La real hacienda en Per&#xFA; a comienzos del siglo XIX -- Pastores y tejedores de los Condesuyos de Arequipa: un informe etnol&#xF3;gico al consejo de regencia -- La poblaci&#xF3;n de Chinchero (Cuzco) en el siglo XVIII -- Sumaria bibliograf&#xED;a mexicana sobre la cultura del Per&#xFA; -- El proceso de la cultura Latinoamericana y la emancipaci&#xF3;n -- La evoluci&#xF3;n cultural de Am&#xE9;rica y su influencia en la emancipaci&#xF3;n peruana -- Una consecuencia econ&#xF3;mico-social de la rebeli&#xF3;n del Cuzco de 1814 -- La carta de Viscardo y Guzm&#xE1;n y su influencia en el proceso de la emancipaci&#xF3;n hispanoamericana -- Proclamas de la emancipaci&#xF3;n del Per&#xFA; -- La casa de Matheo Pumaccahua en Chinchero -- La independencia peruana en el folklore nacional -- La emancipaci&#xF3;n del Per&#xFA; en la perspectiva de la descolonizaci&#xF3;n americana -- La  independencia de Trujillo y la libertad del Per&#xFA; y Am&#xE9;rica -- Espa&#xF1;oles americanos en los colegios mayores del sacromonte y de San Bartolom&#xE9; y Santiago de la Universidad de Granada siglos XVIII y XIX -- La expedici&#xF3;n naval de 1815 al Pac&#xED;fico, en funci&#xF3;n de alg&#xFA;n proyecto que se adelantaba al plan de San Mart&#xED;n. Nuevos datos sobre la misma -- Peruanos en la independencia de Hispanoam&#xE9;rica -- Dos costarricenses en el proceso cultural y emancipador centroamericano -- Un proceso de infidencia en Lima en enero de 1921.</subfield>
  </datafield>
  <datafield tag="505" ind1="0" ind2=" ">
    <subfield code="a">Tomo 4:
Antonio de Andueza y Gregorio de Guinea, diputados electos a las cortes de C&#xE1;diz -- Sim&#xF3;n Bol&#xED;var y la divisi&#xF3;n pol&#xED;tica del Per&#xFA; -- Gaspar Hern&#xE1;ndez. Peruano precursor de la emancipaci&#xF3;n dominicana -- Los peruanos al servicio de Venezuela. La primera rep&#xFA;blica. La gran Colombia. La Rep&#xFA;blica Central -- Revaloraci&#xF3;n de fuentes para el conocimiento de la sublevaci&#xF3;n del Callao (1824) -- La expedici&#xF3;n libertadora del Per&#xFA; -- El protector San Mart&#xED;n estuvo en Trujillo (Per&#xFA;) -- Creaci&#xF3;n del poder judicial del Per&#xFA; independiente en Trujillo -- Fundaci&#xF3;n de la primea universidad republicana en el Per&#xFA; -- Acci&#xF3;n conjunta de Colombia y el Per&#xFA; en la campa&#xF1;a de Quito de 1822 -- Bol&#xED;var y su labor cultural y educativa en el Per&#xFA; -- Bol&#xED;var, indigenista en el Per&#xFA; -- El gobierno san martiniano -- Notas sobre la regulaci&#xF3;n jur&#xED;dica de la expedici&#xF3;n libertadora de 1820 -- Repercusi&#xF3;n en Chile de la independencia del Per&#xFA; -- As Marinhas de Guerra na independencia latinoamerica -- Bol&#xED;var y la doctrina Monroe -- La expedici&#xF3;n espa&#xF1;ola al r&#xED;o de la plata y el plan de Juan Lagosta para la defensa del Per&#xFA; -- La amistad fecunda de San Mart&#xED;n y O'higgins (1814-1823) -- Relaciones chileno-&#xE9;ruanas durante el gobierno de Bol&#xED;var -- Sobre San Mart&#xED;n y las ideas pol&#xED;ticas de su tiempo -- La influencia y proyecciones de la campa&#xF1;a y expedici&#xF3;n libertadora a Chile y Per&#xFA; (1817-1820). Consideradas dentro del concepto actual de integraci&#xF3;n geopol&#xED;tica sudamericana -- Bol&#xED;var y la reforma agraria -- Colaboraci&#xF3;n de los patriotas peruanos a la expedici&#xF3;n libertadora -- Un paraguayo en la  independencia de Am&#xE9;rica: Jos&#xE9; F&#xE9;lix Bogado -- Jos&#xE9; Mar&#xED;a Bustamante -- Aspectos de la pol&#xED;tica internacional de Bol&#xED;var en el Per&#xFA; -- Campa&#xF1;a y obra de gobierno de San Mart&#xED;n en el Per&#xFA;.</subfield>
  </datafield>
  <datafield tag="505" ind1="0" ind2=" ">
    <subfield code="a">Tomo 5:
Creaci&#xF3;n de la escuadra libertadora y sus campa&#xF1;as en el pac&#xED;fico, previas a la liberaci&#xF3;n del Per&#xFA; -- Campa&#xF1;a y obra de gobierno de Bol&#xED;var en el Per&#xFA; -- Bernardo Monteagudo y la emancipaci&#xF3;n latinoamericana -- El hispanoamericano en la independencia paname&#xF1;a de 1821 y proyecciones en el congreso bolivariano de 1826 -- San Mart&#xED;n en Huaura. Un valioso plano topogr&#xE1;fico de la &#xE9;poca -- Juan Ega&#xF1;a  peruano precursor en la independencia Americana -- Acci&#xF3;n de O'higgins en la emancipaci&#xF3;n del Per&#xFA; 1817-1823 -- Don Jos&#xE9; de San Mart&#xED;n, las partidas de guerrilla y el asedio de Lima (1821) -- El diario de Abreu -- Toribio Luzuriaga y Mej&#xED;a gran mariscal del Per&#xFA;  participaci&#xF3;n en la emancipaci&#xF3;n americana -- Alta c&#xE1;mara de Justicia --  A presenca do Per&#xFA;, da america e da espanha em periodicos e em publicacones de car&#xE1;cter dos no Brasil e em Londres, na &#xE9;poca da independ&#xE9;ncia -- Las barreras del Este -- El pr&#xF3;cer Rivadeneyra -- El gran mariscal Don Toribio de Luzuriaga -- El himno nacional del Per&#xFA; habr&#xED;ase estrernado el 29 de setiembre de 1821 -- Combate de Quillapata -- Papeles de Estanislao Linch -- Anexo de la ponencia del Dr. Francisco Morales padr&#xF3;n que aparece publicada en el Tomo I. &#xCD;ndice de los legajos de alborotos del Per&#xFA; -- Papeles de Lord Cochrane, archivo de Edimburgo presentados por el capit&#xE1;n de nav&#xED;o Max Justo Guedes al V congreso internacional de Historia de Am&#xE9;rica.</subfield>
  </datafield>
  <datafield tag="526" ind1=" " ind2=" ">
    <subfield code="a">P136</subfield>
  </datafield>
  <datafield tag="526" ind1=" " ind2=" ">
    <subfield code="a">P135</subfield>
  </datafield>
  <datafield tag="526" ind1=" " ind2=" ">
    <subfield code="a">P134</subfield>
  </datafield>
  <datafield tag="526" ind1=" " ind2=" ">
    <subfield code="a">P133</subfield>
  </datafield>
  <datafield tag="526" ind1=" " ind2=" ">
    <subfield code="a">P144</subfield>
  </datafield>
  <datafield tag="526" ind1=" " ind2=" ">
    <subfield code="a">P143</subfield>
  </datafield>
  <datafield tag="526" ind1=" " ind2=" ">
    <subfield code="a">P87</subfield>
  </datafield>
  <datafield tag="526" ind1=" " ind2=" ">
    <subfield code="a">P35</subfield>
  </datafield>
  <datafield tag="526" ind1=" " ind2=" ">
    <subfield code="a">P20</subfield>
  </datafield>
  <datafield tag="526" ind1=" " ind2=" ">
    <subfield code="a">P14</subfield>
  </datafield>
  <datafield tag="526" ind1=" " ind2=" ">
    <subfield code="a">P10</subfield>
  </datafield>
  <datafield tag="526" ind1=" " ind2=" ">
    <subfield code="a">P06</subfield>
  </datafield>
  <datafield tag="650" ind1="1" ind2="8">
    <subfield code="a">Congresos internacionales americanos</subfield>
    <subfield code="z">Lima.</subfield>
    <subfield code="9">3202</subfield>
  </datafield>
  <datafield tag="651" ind1="2" ind2="8">
    <subfield code="a">Am&#xE9;rica</subfield>
    <subfield code="x">Historia</subfield>
    <subfield code="v">Congresos.</subfield>
  </datafield>
  <datafield tag="651" ind1="2" ind2="8">
    <subfield code="a">Per&#xFA;</subfield>
    <subfield code="x">Historia</subfield>
    <subfield code="v">Congresos.</subfield>
    <subfield code="9">3203</subfield>
  </datafield>
  <datafield tag="710" ind1="2" ind2=" ">
    <subfield code="a">Comisi&#xF3;n Nacional del Sesquicentenario de la Independencia del Per&#xFA;.</subfield>
    <subfield code="9">3205</subfield>
  </datafield>
  <datafield tag="910" ind1=" " ind2=" ">
    <subfield code="a">jck</subfield>
  </datafield>
  <datafield tag="942" ind1=" " ind2=" ">
    <subfield code="2">ddc</subfield>
    <subfield code="c">BK</subfield>
    <subfield code="n">0</subfield>
  </datafield>
  <datafield tag="949" ind1=" " ind2=" ">
    <subfield code="a">970 C74 1</subfield>
    <subfield code="w">DEWEY</subfield>
    <subfield code="c">1</subfield>
    <subfield code="i">17082</subfield>
    <subfield code="l">CCODEBUL1</subfield>
    <subfield code="m">BUL</subfield>
    <subfield code="p">00.00</subfield>
    <subfield code="r">0</subfield>
    <subfield code="s">Y</subfield>
    <subfield code="t">BOOK</subfield>
    <subfield code="u">19790906</subfield>
    <subfield code="x">EDUCACION</subfield>
    <subfield code="0">COMPRA</subfield>
    <subfield code="o">.STAFF. Colecci&#xF3;n General</subfield>
  </datafield>
  <datafield tag="980" ind1=" " ind2=" ">
    <subfield code="8">1</subfield>
    <subfield code="g">ALBERTO SANCHEZ Responsable de Automatizaci&#xF3;n</subfield>
  </datafield>
  <datafield tag="999" ind1=" " ind2=" ">
    <subfield code="c">55811</subfield>
    <subfield code="d">55811</subfield>
  </datafield>
  <datafield tag="952" ind1=" " ind2=" ">
    <subfield code="r">2025-12-03 00:00:00</subfield>
    <subfield code="i">6</subfield>
    <subfield code="l">0</subfield>
    <subfield code="o">980 Q7</subfield>
    <subfield code="p">17082</subfield>
    <subfield code="t">e1</subfield>
    <subfield code="x">FACIHED</subfield>
    <subfield code="y">BK</subfield>
    <subfield code="z">inventario-2023-12-13</subfield>
    <subfield code="1">0</subfield>
    <subfield code="2">ddc</subfield>
    <subfield code="3">t1</subfield>
    <subfield code="5">0</subfield>
    <subfield code="7">0</subfield>
    <subfield code="8">GEN</subfield>
    <subfield code="f">P20</subfield>
    <subfield code="a">BUL</subfield>
    <subfield code="b">BUL</subfield>
    <subfield code="c">GEN</subfield>
    <subfield code="d">2015-06-16</subfield>
    <subfield code="e">COMPRA</subfield>
  </datafield>
  <datafield tag="952" ind1=" " ind2=" ">
    <subfield code="r">2025-12-03 00:00:00</subfield>
    <subfield code="i">6</subfield>
    <subfield code="l">0</subfield>
    <subfield code="o">980 Q7</subfield>
    <subfield code="p">17083</subfield>
    <subfield code="t">e1</subfield>
    <subfield code="x">FACIHED</subfield>
    <subfield code="y">BK</subfield>
    <subfield code="z">inventario-2023-12-13</subfield>
    <subfield code="1">0</subfield>
    <subfield code="2">ddc</subfield>
    <subfield code="3">t2</subfield>
    <subfield code="5">0</subfield>
    <subfield code="7">0</subfield>
    <subfield code="8">GEN</subfield>
    <subfield code="f">P20</subfield>
    <subfield code="a">BUL</subfield>
    <subfield code="b">BUL</subfield>
    <subfield code="c">GEN</subfield>
    <subfield code="d">2015-06-16</subfield>
    <subfield code="e">COMPRA</subfield>
  </datafield>
  <datafield tag="952" ind1=" " ind2=" ">
    <subfield code="r">2025-12-03 00:00:00</subfield>
    <subfield code="i">6</subfield>
    <subfield code="l">0</subfield>
    <subfield code="o">980 Q7</subfield>
    <subfield code="p">17084</subfield>
    <subfield code="t">e1</subfield>
    <subfield code="x">FACIHED</subfield>
    <subfield code="y">BK</subfield>
    <subfield code="z">inventario-2023-12-13</subfield>
    <subfield code="1">0</subfield>
    <subfield code="2">ddc</subfield>
    <subfield code="3">t3</subfield>
    <subfield code="5">0</subfield>
    <subfield code="7">0</subfield>
    <subfield code="8">GEN</subfield>
    <subfield code="f">P20</subfield>
    <subfield code="a">BUL</subfield>
    <subfield code="b">BUL</subfield>
    <subfield code="c">GEN</subfield>
    <subfield code="d">2015-06-16</subfield>
    <subfield code="e">COMPRA</subfield>
  </datafield>
  <datafield tag="952" ind1=" " ind2=" ">
    <subfield code="r">2025-12-03 00:00:00</subfield>
    <subfield code="i">6</subfield>
    <subfield code="l">0</subfield>
    <subfield code="o">980 Q7</subfield>
    <subfield code="p">17085</subfield>
    <subfield code="t">e1</subfield>
    <subfield code="x">FACIHED</subfield>
    <subfield code="y">BK</subfield>
    <subfield code="z">inventario-2023-12-13</subfield>
    <subfield code="1">0</subfield>
    <subfield code="2">ddc</subfield>
    <subfield code="3">t4</subfield>
    <subfield code="5">0</subfield>
    <subfield code="7">0</subfield>
    <subfield code="8">GEN</subfield>
    <subfield code="f">P20</subfield>
    <subfield code="a">BUL</subfield>
    <subfield code="b">BUL</subfield>
    <subfield code="c">GEN</subfield>
    <subfield code="d">2015-06-16</subfield>
    <subfield code="e">COMPRA</subfield>
  </datafield>
  <datafield tag="952" ind1=" " ind2=" ">
    <subfield code="r">2025-12-03 00:00:00</subfield>
    <subfield code="i">6</subfield>
    <subfield code="l">0</subfield>
    <subfield code="o">980 Q7</subfield>
    <subfield code="p">17086</subfield>
    <subfield code="t">e1</subfield>
    <subfield code="x">FACIHED</subfield>
    <subfield code="y">BK</subfield>
    <subfield code="z">inventario-2023-12-13</subfield>
    <subfield code="1">0</subfield>
    <subfield code="2">ddc</subfield>
    <subfield code="3">t5</subfield>
    <subfield code="5">0</subfield>
    <subfield code="7">0</subfield>
    <subfield code="8">GEN</subfield>
    <subfield code="f">P20</subfield>
    <subfield code="a">BUL</subfield>
    <subfield code="b">BUL</subfield>
    <subfield code="c">GEN</subfield>
    <subfield code="d">2015-06-16</subfield>
    <subfield code="e">COMPRA</subfield>
  </datafield>
</record>
